<?xml version="1.0" encoding="UTF-8"?>
<collection xmlns:xsi="http://www.w3.org/2001/XMLSchema-instance" xsi:schemaLocation="http://www.loc.gov/MARC21/slim http://www.loc.gov/standards/marcxml/schema/MARC21slim.xsd" xmlns="http://www.loc.gov/MARC21/slim">
 <record>
  <leader>00000nam a22000004a 4500</leader>
  <controlfield tag="001">UP-8027390931316386678</controlfield>
  <controlfield tag="003">Buklod</controlfield>
  <controlfield tag="005">20251001114545.0</controlfield>
  <controlfield tag="006">m    |o  d |      </controlfield>
  <controlfield tag="007">ta</controlfield>
  <controlfield tag="008">250924s2025    xxu     r    |||| u|eng d</controlfield>
  <datafield tag="040" ind1="0" ind2=" ">
   <subfield code="a">PHARM</subfield>
   <subfield code="e">rda</subfield>
  </datafield>
  <datafield tag="041" ind1="0" ind2=" ">
   <subfield code="a">eng</subfield>
  </datafield>
  <datafield tag="090" ind1="0" ind2="0">
   <subfield code="a">LG 993.5 2025 P5 </subfield>
   <subfield code="b">M69</subfield>
  </datafield>
  <datafield tag="100" ind1="1" ind2=" ">
   <subfield code="a">Moya, Dawn Isabelle A.</subfield>
   <subfield code="e">author</subfield>
  </datafield>
  <datafield tag="245" ind1="1" ind2="0">
   <subfield code="a">Factors affecting patients' drug purchasing preference for non-communicable diseases in Metro Manila</subfield>
   <subfield code="c">Dawn Isabelle A. Moya, Mark Angelo A. Aquino, Kirsten Denise S. Rios ; Frances Lois U. Ngo, adviser.</subfield>
  </datafield>
  <datafield tag="264" ind1=" " ind2="0">
   <subfield code="a">Manila</subfield>
   <subfield code="b">Department of Clinical, Social and administrative Pharmacy, College of Pharmacy, University of the Philippines Manila</subfield>
   <subfield code="c">2025</subfield>
  </datafield>
  <datafield tag="300" ind1=" " ind2=" ">
   <subfield code="a">xiii, 271 leaves </subfield>
   <subfield code="c">28 cm. </subfield>
  </datafield>
  <datafield tag="502" ind1=" " ind2=" ">
   <subfield code="a">Thesis (Bachelor of Science in Pharmacy)--University of the Philippines Manila, May 2025</subfield>
  </datafield>
  <datafield tag="506" ind1="0" ind2=" ">
   <subfield code="a">available to general public </subfield>
  </datafield>
  <datafield tag="520" ind1="3" ind2=" ">
   <subfield code="a">Introduction: Non-communicable diseases (NCDs) account for 74% of global deaths, with a significant burden in low- and middle-income countries, including the Philippines, where they are a leading cause of mortality. Due to their chronic nature, NCDs require long-term therapy, often leading to high healthcare costs. To ease this financial burden, the government enacted the Generics Act and the Cheaper Medicines Act to promote access to quality and affordable medicines. Despite implemented policies, the objective to promote and encourage the widespread use of generic drugs has yet to be fully realized. Patients still favor branded options due to concerns about effectiveness, quality, and safety of unbranded alternatives.&#13;
&#13;
Objective: The study aimed to determine the factors affecting drug purchasing preference of Filipino patients with NCDs in Metro Manila.&#13;
&#13;
Methods: The study employed a cross-sectional quantitative design using an interviewer-guided survey. Community pharmacies were selected through multistage random sampling, while participants were recruited through quota sampling. Chi-square test was used to assess associations between multiple independent variables while multinomial logistic regression was applied to determine predictors of purchasing preference.&#13;
&#13;
Results: A total of 400 patients participated. Significant internal factors associated with drug preference included perceived difference in quality (RR = 4.80, p = 0.004) and previous use (RR = 19.61, p &lt; 0.001), with increased preference for originator drugs. Among external factors, physician’s prescription (RR = 0.40, p &lt; 0.001) favored branded generics, while family and peer influence (RR = 1.66, p = 0.031), and drug cost (RR = 4.20, p &lt; 0.001), increased preference for unbranded generics.&#13;
&#13;
Conclusion: Branded generics are generally more preferred by Filipino consumers. Significant predictors included educational attainment, employment status, income, perception, previous use, and various external factors. These findings emphasize the need for improved educational campaigns towards the awareness of unbranded generics and strengthened policies towards pharmacists’ roles in generic substitution.</subfield>
  </datafield>
  <datafield tag="650" ind1="0" ind2="0">
   <subfield code="a">Consumer behavior</subfield>
   <subfield code="x">Drug purchasing </subfield>
   <subfield code="x">Non-communicable diseases</subfield>
   <subfield code="z">Philippines</subfield>
   <subfield code="z">Metro Manila.</subfield>
  </datafield>
  <datafield tag="650" ind1="0" ind2="0">
   <subfield code="a">Patients</subfield>
   <subfield code="x">Preferences </subfield>
   <subfield code="v">Health behavior</subfield>
   <subfield code="z">Philippines.</subfield>
  </datafield>
  <datafield tag="653" ind1="0" ind2="0">
   <subfield code="a">purchasing preference.</subfield>
  </datafield>
  <datafield tag="653" ind1="0" ind2="0">
   <subfield code="a">NCD.</subfield>
  </datafield>
  <datafield tag="653" ind1="0" ind2="0">
   <subfield code="a">unbranded generics.</subfield>
  </datafield>
  <datafield tag="653" ind1="0" ind2="0">
   <subfield code="a">originators.</subfield>
  </datafield>
  <datafield tag="700" ind1="1" ind2=" ">
   <subfield code="a">Aquino, Mark Angelo A.  </subfield>
   <subfield code="e">author.</subfield>
  </datafield>
  <datafield tag="700" ind1="1" ind2=" ">
   <subfield code="a">Rios, Kirsten Denise S.</subfield>
   <subfield code="e">author.</subfield>
  </datafield>
  <datafield tag="700" ind1="1" ind2=" ">
   <subfield code="a">Ngo, Frances Lois U.</subfield>
   <subfield code="e">adviser.</subfield>
  </datafield>
  <datafield tag="905" ind1=" " ind2=" ">
   <subfield code="a">FI</subfield>
  </datafield>
  <datafield tag="905" ind1=" " ind2=" ">
   <subfield code="a">UP</subfield>
  </datafield>
  <datafield tag="852" ind1="0" ind2=" ">
   <subfield code="a">UPMNL</subfield>
   <subfield code="b">PHARM</subfield>
   <subfield code="h">LG 993.5 2025 P5</subfield>
   <subfield code="i">M69</subfield>
  </datafield>
  <datafield tag="942" ind1=" " ind2=" ">
   <subfield code="a">Thesis</subfield>
  </datafield>
 </record>
</collection>
